000 00412nam a22001457a 4500
005 20170828163346.0
020 _c00.00
035 _aB-059514
037 _aDPL
_bENG
100 _aMishra, D.P.
245 _aThe Nehru epoch :
_bFrom democracy to monocracy /
_cby D.P. Mishra
260 _aNew Delhi
_bHar-Anand Publications
_c2001
300 _a429p.
_c20 cms.
942 _2ddc
_cEN
_h320.954
_mMIS
999 _c65690
_d65690